00773nam a2200193 a 450000100100000000500170001000800410002702000180006804000250008608200150011110000440012624501260017026000520029630000270034870000420037570000320041795201130044999900170056200004068420201002034313.0130905s2005 sp a 000 0 spa d a9788469528051 aDO-SdBNPbspacBNPHU axxxxbxxxx1 aBonilla Fernández, Eva María96705410aGuía métodos anticonceptivos. /cEva María Bonilla Fernández, Ana María López Jiménez, Carmen Aguilar Cobo. a[España], :b[s.d.]fLa regeneraciónc2005. a57 p. :bil. ;c21 cm.1 aLópez Jiménez, Ana María9670551 aAguilar Cobo, Carmen967056 001050718MOaGRbGRcCTd2013-09-05iLF1l0oxxxx xxxxp40684-10r2020-06-25w2020-06-25y1ZNo se presta c40174d40174